| 000 | 00499nam a2200169 i 4500 | ||
|---|---|---|---|
| 001 | 86825 | ||
| 003 | ES-MaACL | ||
| 005 | 20250208063126.0 | ||
| 007 | t| | ||
| 008 | 041215s1922 fr ||||1| fre d | ||
| 100 | 1 |
_aKipling, Rudyard, _d1865-1936 _968087 |
|
| 245 | 1 | 0 |
_aLettres de voyage _b: (1982-1913) / _cRudyard Kipling. |
| 260 |
_aParis : _b[s.n., _c1922] ( _eAlleville : _fF. Paillart) |
||
| 300 |
_a342 p. ; _c19 cm. |
||
| 852 |
_aES-MaACL _jF-12134 |
||
| 999 |
_c86825 _d86825 |
||